=LDR 00000nam 2200000 4500 =001 INLIS000000000008427 =005 20130612100311 =008 ***********************************Ind** =035 ##$$0010-061300000008427 =041 ##$$a Ind =082 ##$$a 297 =090 ##$$a 297, Ahm n =100 ##$$a Ahmad, Zainal Abidin =245 ##$$a Negara adil makmur menurut Ibnu Siena, H. Zainal Abidin Ahmad =260 ##$$a 1980 $b Jakarta =300 ##$$a 312 hlm, 21 cm =650 ##$$a Filosoffis - islam